Tirios y troyanos (Record no. 171119)

MARC details
000 -LEADER
campo de control de longitud fija 00750nam a22001695i 4500
001 - NÚMERO DE CONTROL
campo de control 171119
003 - IDENTIFICADOR DE NÚMERO DE CONTROL
campo de control ES-MaACL
005 - FECHA Y HORA DE LA ÚLTIMA TRANSACCIÓN
campo de control 20251011063152.0
008 - DATOS DE LONGITUD FIJA--INFORMACIÓN GENERAL
campo de control de longitud fija 090429s1872 sp |||| | spa d
100 1# - ENTRADA PRINCIPAL--NOMBRE DE PERSONA
Nombre de persona Corzo y Barrera, Antonio,
Fechas asociadas al nombre m. 1897
9 (RLIN) 139980
245 10 - MENCIÓN DEL TÍTULO
Título Tirios y troyanos
Resto del título : sainete político en un acto y en verso /
Mención de responsabilidad, etc. por Antonio Corzo y Barrera y Enrique Gisbert.
260 ## - PUBLICACIÓN, DISTRIBUCIÓN, ETC.
Lugar de publicación, distribución, etc. Madrid :
Nombre del editor, distribuidor, etc. [s.n.],
Fecha de publicación, distribución, etc. 1872 (
Fabricante Impr. de Serafín Landáburu)
300 ## - DESCRIPCIÓN FÍSICA
Extensión 32 p. ;
Dimensiones 18 cm.
700 1# - ENTRADA AGREGADA--NOMBRE PERSONAL
Nombre de persona Gisbert, Enrique.
9 (RLIN) 139984
852 ## - LOCALIZACIÓN
Ubicación ES-MaACL
Número de control de estantería F-8587(4)
Nota libre .- Enc. pasta española
condición física .- Falto de la cub. original
Nota libre .- Enc. en un vol. facticio formando parte de la col. facticia "Teatro español moderno", vol. 40
Holdings
Estatus retirado Estado de pérdida Estado de daño No para préstamo Colección Biblioteca de origen Biblioteca actual Ubicación en estantería Fecha de adquisición Fuente de adquisición Total de préstamos Signatura topográfica completa Código de barras Visto por última vez Precio de reemplazo Tipo de ítem Koha
        Libros del s. XIX Biblioteca del Ateneo de Madrid Biblioteca del Ateneo de Madrid Sala Pecera Planta 2 29/04/2009     F-8587(4) 1179584 23/02/2023 23/02/2023 Libro impreso antiguo